Tennis - Le top 20 du classement ATP au 1er janvier 2012 - Statistiques

Statistiques générales
  • Ce quiz a été pris 20 fois
  • Le résultat moyen est 15 sur 20
Statistiques - réponses
Rang Joueur Pays Âge Points % Correct
4 Andy Murray Royaume-Uni 24 7 380
100%
6 Jo-Wilfried Tsonga France 26 4 335
100%
1 Novak Djokovic Serbie 24 13 630
100%
2 Rafael Nadal Espagne 25 9 595
100%
3 Roger Federer Suisse 30 8 170
100%
16 Gael Monfils France 25 1 910
94%
19 Richard Gasquet France 25 1 795
94%
17 Stan Wawrinka Suisse 26 1 820
94%
5 David Ferrer Espagne 29 4 925
89%
12 Gilles Simon France 27 2 165
89%
11 Juan Martin Del Potro Argentine 23 2 315
83%
7 Tomas Berdych Tchéquie 26 3 700
83%
18 John Isner États-Unis 26 1 800
78%
14 Andy Roddick États-Unis 29 1 940
61%
13 Robin Soderling Suède 27 2 120
56%
10 Nicolas Almagro Espagne 26 2 380
44%
20 Feliciano Lopez Espagne 30 1 755
39%
9 Janko Tipsarevic Serbie 27 2 595
33%
15 Alexandr Dolgopolov Ukraine 23 1 925
28%
8 Mardy Fish États-Unis 30 2 965
22%
Aucun quiz correspondant
Distribution des résultats
% des personnes avec chaque résultat
Percentile par nombre de réponses
Votre historique - résultats
Vous n’avez pas pris ce quiz